WWI for Dummies - Statistics

General Stats
  • This quiz has been taken 44 times
  • The average score is 12 of 15
Answer Stats
Question Answer % Correct
Which Austrian leader's assassination caused World War I? Franz Ferdinand
100%
Which of the following countries did NOT fight in WWI? Switzerland
100%
True or false: The first day of the Battle of the Somme was the heaviest loss of life for a single day in British History. True
100%
Which type of warfare was used during WWI? Trench Warfare and Chemical Warfare
93%
True or false: Russia had a revolution during the war. True
93%
When did the US join the war? 1917
86%
True or false: Poison gas was NOT used in World War I. False
86%
Who won World War I? The Allied Powers
86%
True or False: New weapons like the tank and U-boat were invented during WWI. True
86%
Who was the US president during the war? Woodrow Wilson
86%
Who was the leader of Germany for the entire war? Kaiser Wilhelm II
64%
What is World War I commonly nicknamed? All of the Above
50%
True or False: WWI was only fought in Europe. False
50%
What was the main method of communication in World War I? Pigeons
43%
Which battle caused the Central Powers to capitulate? The Hundred Days Offensive
29%
No matching quizzes found
Score Distribution
Percent of People with Each Score
Percentile by Number Answered
Your Score History
You have not taken this quiz